00315nam a22001097a 4500020001600000082001500016100002200031245008400053260004500137300000800182650001500190 a019564080-2 a294.38 RAD aRadhakrishnan, S. aThe Dhammapada: with Introductory Essays, Pali Tex English Translation and Note aNew delhibOxford University Pressc1996 a194 aDhammapada